Normal view
MARC view
- Robotic Welding,Intelligence and automation
Entry Topical Term
001 - CONTROL NUMBER
- control field: 124303
003 - CONTROL NUMBER IDENTIFIER
- control field: NUST
005 - DATE AND TIME OF LATEST TRANSACTION
- control field: 20240709172707.0
008 - FIXED-LENGTH DATA ELEMENTS
- fixed length control field: 240709|| aca||aabn | a|a d
040 ## - CATALOGING SOURCE
- Original cataloging agency: NUST
- Transcribing agency: NUST
150 ## - HEADING--TOPICAL TERM
- Topical term or geographic name entry element: Robotic Welding,Intelligence and automation
670 ## - SOURCE DATA FOUND
- Source citation: Work cat.: (NUST): Tarn jong,-Tzyh 124301, Robotic Welding,Intelligence and automation, 2011.
